| 000 | 00369cam a2200157ua 4500 | ||
|---|---|---|---|
| 041 |
_aeng _h |
||
| 082 |
_a823.308 _bSIM/TE |
||
| 100 | _aSims, George . | ||
| 245 |
_aTerrible door / _cGeorge Sims. _hTextual Documents |
||
| 250 |
_a1 / _b. |
||
| 260 |
_aLondon : _bThe Bodley head , _c1964. |
||
| 300 | _a176 ; . | ||
| 504 | _a | ||
| 942 | _cBK | ||
| 999 |
_c8104 _d8104 |
||